Biblioteca

Fuera Pañales (Registro nro. 67696)

Detalles MARC
000 -LÍDER
Campo fijo de descripción fija 00941nam a22002417a 4500
001 - NÚMERO DE CONTROL
Campo de control BINCO
003 - IDENTIFICADOR DEL NÚMERO DE CONTROL
Campo de control CO-MdBIC
005 - FECHA Y HORA DE LA ULTIMA TRANSACCIÓN
control field 20220411160551.0
008 - ELEMENTOS DE LONGITUD FIJA -- INFORMACIÓN GENERAL
Campo fijo de descripción fija -- Información general 220406b1999 a|||| |||| 00| 0 spa d
020 ## - NÚMERO INTERNACIONAL NORMALIZADO PARA LIBROS
Número Internacional Normalizado del libro 0746045387
040 ## - FUENTE DE CATALOGACIÓN
Agencia de catalogación original CO-MdBIC
Idioma de catalogación spa.
Agencia que realiza la transcripción CO-MdBIC
Agencia que realiza la modificación CO-MdBIC
041 ## - CÓDIGO DE IDIOMA
Código de idioma para texto/pista de sonido o título separado spa
082 ## - NÚMERO DE CLASIFICACIÓN DECIMAL DEWEY
Número de la edición del Dewey 22
Número de clasificación 468
Clave de autor-Numero de item W344
100 ## - ASIENTO PRINCIPAL--NOMBRE PERSONAL
Nombre personal Watt, Fiona
Fechas asociadas con el nombre 1960
245 ## - TÍTULO
Título del Material Fuera Pañales
300 ## - DESCRIPCIÓN FÍSICA
Extensión 15 paginas;
Otros detalles físicos ilustraciones a color:
Dimensiones 21 cm.
490 ## - MENCIÓN DE SERIE
Mención de serie el mundo del pequeñín
500 ## - NOTA GENERAL
Nota General Esta encantadora colección contempla diversas actividades cotidianas que resultan familiares a niños muy pequeños. Las simpáticas ilustraciones, de vivos colores, ofrecen una gran variedad de detalles para mirar, señalar y comentar y entretendrán tanto a los pequeños de la casa como a los mayores.
650 #7 - ASIENTO SECUNDARIO DE MATERIA - TERMINO TEMÁTICO
9 (RLIN) 100
Término temático o nombre geográfico como elemento de entrada Educación infantil
700 ## - ASIENTO SECUNDARIO - NOMBRE PERSONAL
Nombre personal Rachel Wells
Responsabilidad ilustrador
700 ## - ASIENTO SECUNDARIO - NOMBRE PERSONAL
Nombre personal Sonia Tapia
Responsabilidad Traductor
942 ## - TIPO DE MATERIAL (KOHA)
Tipo de Item KOHA Z- Libro General BINCO
Existencias
Estado de Material Estado de Perdido Forma de Clasificación Estado de Dañado No para Préstamo Biblioteca de Origen Biblioteca Permanente Fecha de Adquisición Total de Préstamos Signatura Topográfica Código de Barras Última vez visto Ejemplar/Existencia Fecha de Remplazo Tipo de Material
    Dewey Decimal Classification     Biblioteca Infantil Comunitaria BINCO Biblioteca Infantil Comunitaria BINCO 06/04/2022   468 W344 B32041 06/04/2022 ej.1 06/04/2022 Z- Libro General BINCO

Biblioteca FUSBC | Teléfono: (57+4) 349 88 10 Ext. 141| WhatsApp (+57) 3005338115 
E-mail: biblioteca@unisbc.edu.co | Calle 76 87-14 Robledo Palenque, Medellín, Colombia

Con tecnología Koha